000 00664nam a22002297a 4500
005 20170124110208.0
010 _aA-896236
020 _c150.00
035 _aA-896236
037 _bCen Lib/Ret
040 _aDPL
_bEN
082 _a658
_bPRA
100 _aPrakash, Jagdish
_937659
245 _aBusiness organisation and management /
_cby Jagdish Prakash
260 _aAllahabad
_bKitab Mahal
_c1999
270 _a22, Sarojini Naidu Marg
_bAllahabad
_e211001
300 _axvi,851p.
_c21cm(Hb)
500 _aIncludes bibliographical references
650 _aBusiness
_98513
650 _aManagement
_93072
942 _2ddc
_cEN
_h658
_mPRA
999 _c133343
_d133343